000 00738nam a2200181 i 4500
001 33972
003 ES-MaACL
005 20250712032629.0
007 t|
008 030203s1919 sp ||||1| spa d
100 1 _aBlasco Ibáñez, Vicente,
_d1867-1928
_929388
245 1 0 _aCuentos valencianos /
_cVicente Blasco Ibáñez.
260 _aValencia :
_bPrometeo,
_c[1919]
300 _a263 p. ;
_c19 cm.
505 0 _aDimòni ; ¡Cosas de hombres! ; La cencerrada ; La apuesta del "esparrelló" ; La caperuza ; Noche de bodas ; La corrección ; Guapeza valenciana ; El "femater" ; En la puerta del cielo ; El establo de Eva ; La tumba de Alí-Bellús ; El dragón del patriarca
852 _aES-MaACL
_jB-2614
999 _c33972
_d33972